000 00621nam a2200193 4500
001 145445
003 ES-MaACL
005 20260524164330.0
007 t|
008 070214s1962 sp r ||||1| spa d
100 1 _aSpengler, Oswald.
_9107694
245 1 0 _aAños decisivos
_b: Alemania y la evolución histórica universal /
_cOswald Spengler.
_n, . primera parte.
260 _aMadrid :
_bEspasa Calpe,
_c1962.
300 _a206 p. ;
_c18 cm.
490 1 _aCol. austral ;
_v1323
830 0 _aColección austral
_v1323
_9177655
852 _aES-MaACL
_jC-23426
_bR.49429
999 _c145445
_d145445